نفحة البشام في رحلة الشام

محفوظ في:

المؤلف الرئيسي: محمد عبد الجواد القاياتي.

التنسيق: كتاب

اللغة: Undetermined

منشور في: Miṣr matbaeat jaridat alaislam 1901

الوسوم: إضافة وسم

لا توجد وسوم, كن أول من يضع وسما على هذه التسجيلة!

رقم الطلب: C30 QAYA

LEADER 00410nam a2200121Ia 4500
008 240404s9999||||xx |||||||||||||| ||und||
050 4 |a C30 QAYA 
100 1 |a محمد عبد الجواد القاياتي. 
245 1 0 |a نفحة البشام في رحلة الشام  |c محمد عبد الجواد القاياتي 
264 1 |a Miṣr  |b matbaeat jaridat alaislam  |c 1901 
300 |a 200  |c 24 
942 |2 lcc  |c BK 
999 |c 58140  |d 58140